00402 2200157 4500001002100000008004100021035002000062245004700082100001800129250000600147260004700153084001400200082000800214650001000222990001200232INLIS000000000001514 ind  a0010-0125000012 aAku Terlahir 500 gr dan ButacNiyuki Inoue aInoue, Niyuki a1 aJakarta :bPT. Elek Media Komputindoc2011 a800 NIY a a800 aFiksi a0714937